000 00417nam a2200181Ia 4500
001 17013
005 20260306170353.0
008 260306t2010||||xx |||||||||||||| ||und||
041 _aESP
082 _a657.42
_bH89
100 _aHuicochea Alsina, Emilio
_eAUT
245 0 _aContabilidad de costos
260 _c2010
300 _a215 90
_c27 cm.
650 _aGEN
654 _aCCO
942 _cLIB
_dJUS
_fJUS
_2ddc
_n
999 _c17013
_d17013